000 03011cam a2200373 i 4500
001 768714001
003 CO-MdFUSB
005 20230222104341.0
007 ta
008 740108t19741974pau b 001 0 eng
010 _a73023120 //r83
020 _a0664209858
040 _aDLC
_beng
_cCO-MdFUSB
_dm.c
_dLML
_erda
041 _aeng
082 _223
_a222.1207
_bC537
100 1 _aChilds, Brevard S.
_eautor
245 1 4 _aThe book of Exodus :
_ba critical, theological commentary
_c/ Brevard S. Childs.
264 1 _aPhiladelphia, Pa. :
_bWestminster Press,
_c[1974]
264 4 _c©1974.
300 _a659 páginas ;
_c23 cm.
336 _atexto
_btxt
_2rdacontent.
337 _asin mediación
_bn
_2rdamedia.
338 _avolumen
_bnc
_2rdacarrier.
490 1 _aThe Old Testament library.
504 _aIncluye referencias bibliográficas (página [xxi]-xxv) e índices.
505 _aIIntroducción: 1.1-7 -- La persecución de Israel y el nacimiento de Moisés : 1.8-2.10 -- Moisés mata a un egipcio y huye a Madián : 2.11-25 -- La llamada de Moisés : 3.1-4.17 -- El regreso a Egipto : 4.18 -6.1 -- La llamada renovada de Moisés : 6.2-7.7 -- Las plagas de Egipto : 7.8-11.10 -- Pascua y éxodo : 12.1-13.16 -- La liberación en el mar : 13.17-14.31 -- El cántico del mar : 15.1-21 -- Introducción a las tradiciones de andar por el desierto -- Las aguas de Mara : 15.22-27 -- Maná y codornices : 16.1-36 -- Agua en Masah y Meriba : 17.1-7 -- Guerra con los amalecitas : 17.8 -16 -- La visita de Jetro : 18.1-27 -- Introducción a las tradiciones del Sinaí -- La teofanía en el Sinaí : 19.1-25, 20.18-21 -- El Decálogo : 20.1-17 -- Estatutos y ordenanzas del pacto : 20.22-23.33 -- El sellado del pacto : 24.1-18 -- Instrucciones para el tabernáculo y su servicio : 25.1-31.18 -- El becerro de oro : 32.1-35 -- La presencia de Dios en peligro : 33.1-23 -- La renovación de el pacto : 34.1-35 -- Instrucciones del tabernáculo ejecutadas : 35.1-40.38.
520 _aEl propósito de este comentario es descaradamente teológico. Su preocupación es entender el Éxodo como escritura de la iglesia. La exégesis surge como disciplina teológica en el contexto del canon y se dirige a la comunidad de fe que vive de su confesión de Jesucristo. Sin embargo, el autor también es consciente de que una comprensión teológica seria del texto depende de un estudio riguroso y cuidadoso de toda la gama de problemas dentro de la Biblia, que incluye la crítica del texto y de las fuentes, la sintaxis y la gramática, la historia y la geografía. La escucha del texto por parte de la iglesia cristiana tampoco puede estar divorciada de esa otra comunidad de fe que vive de la misma Biblia, y de las innumerables otras posiciones fuera de cualquier compromiso con la fe o la tradición.
563 _aPasta dura
630 0 7 _aBiblia.
_pÉxodo
_xCrítica, interpretación, etc.
830 0 _aOld Testament library.
942 _cBK
945 _aJTF-925
999 _c68439
_d68439